Epica Book : Europe's Best Advertising : Book 15 /
Una muestra de lo mejor de la publicidad europea, premiada en el Epica Award. Incluye publicidad tanto impresa como para medios audiovisuales y, en los volúmenes más recientes, publicidad en medios interactivos . En cada caso se señala el cliente, la agencia, el productor y los creativos diversos.
Guardado en:
| Autor principal: | |
|---|---|
| Otros autores: | |
| Formato: | Libro |
| Idioma: | Inglés |
| Publicado: |
Suresnes, Francia :
Epica,
2002, c2002
|
| Temas: | |
| Etiquetas: |
Sin etiquetas, Sé el primero en etiquetar este registro!
|
MARC
| LEADER | 00000nam^a2200000^a^4500 | ||
|---|---|---|---|
| 001 | 000153572 | ||
| 005 | 20250521000000.0 | ||
| 009 | 20260310100322.96 | ||
| 020 | |a 2-88479-019-5 | ||
| 037 | |a Acervo ITESO - Biblioteca | ||
| 041 | |a ING | ||
| 082 | |a 741. 6 |b EPI V. 15 | ||
| 100 | |a Tungate, Mark |e (ed.) | ||
| 240 | 1 | 1 | |a [Epica Book: Europe's Best Advertising] |
| 245 | 1 | 0 | |a Epica Book : |b Europe's Best Advertising : Book 15 / |c Ed. de M. Tungate ; dir. artística de F. Ansermet ; introd. de Sebastian Turner. |
| 264 | 4 | |a Suresnes, Francia : |b Epica, |c 2002, c2002 | |
| 300 | |a 379 p. | ||
| 336 | |a texto |b txt |2 rdacontenido | ||
| 337 | |a sin mediación |b n |2 rdamedio | ||
| 338 | |a volumen |b nc |2 rdasoporte | ||
| 520 | |a Una muestra de lo mejor de la publicidad europea, premiada en el Epica Award. Incluye publicidad tanto impresa como para medios audiovisuales y, en los volúmenes más recientes, publicidad en medios interactivos . En cada caso se señala el cliente, la agencia, el productor y los creativos diversos. | ||
| 649 | |a XX | ||
| 650 | |a Publicidad - |z Europa - |x Tema Principal | ||
| 650 | |a Publicidad - |z Europa - |x Premios | ||
| 650 | |a Publicidad - |z Europa - |x Anuarios | ||
| 650 | |a Diseño Gráfico - |z Europa - |x Premios | ||
| 650 | |a Diseño Gráfico - |z Europa - |x Anuarios | ||
| 650 | |a Comunicación Visual - |z Europa - |x Premios | ||
| 650 | |a Comunicación Visual - |z Europa - |x Anuario | ||
| 650 | |a Arte Europeo - |x Premios | ||
| 650 | |a Arte Europeo - |x Anuarios | ||
| 650 | |a Arte Europeo - |y 2000-2010 | ||
| 650 | |a Arte Europeo - |y Siglo XXI | ||
| 700 | |a Ansermet, Frédéric |e (dirección artística) | ||
| 910 | |a Fondo General | ||
| 920 | |a Impresos - Libros | ||
| 930 | |a Reserva Especial | ||
| 905 | |a 103 | ||
| 901 | |a 0500082446 |b IT1 |c REE |u 20250521 | ||
| 902 | |a https://opac.biblio.iteso.mx/vufind/Record/000153572 | ||